1345 1096 1715 1797 1669 1609 1133 1953 1599 1300 1647 1405 1519 1673 1821 1205 1012 1709 1294 1339 1268 1459 1885 1754 1733 1338 1971 1926 1495 1532 1472 1481 1040 1212 1695 1296 1499 1365 1166 1868 1172 1278 1949 1631 1802 1760 1902 1759 1429 1276 1522 1087 1328 1405 1571 1394 1479 1886 1877 1872 1681 1953 1872 1525 1682 1425 1374 1225 1965 1197 1904 1279 1263 1811 1683 1818 1313 1948 1481 1485 1273 1367 1421 1350 1223 1922 1138 1510 1366 1542 1002 1413 1130 1499 1833 1775 1894 1755 1734 BCNSPRNW ULIB Ver.6.0+V

เปลี่ยนเป็นภาษาไทย

Change to English
 แสดงรายละเอียดบรรณานุกรม
  กลับหน้าหลัก

Brief Record : Get Marc (ISO 2709) : E-mail record : QR code < ปิดหน้าต่าง
LEADER : 00000nam 2200000uu 4500
001    13399113851
003     ULIB
008    120110s||||||||th 000 0 tha d
099    วจ.WY18.8^bว835ค
100 0  วีรวรรณ ภาษาประเทศ
245 00 ความคิดเห็นต่อการจัดการเรียนการสอนด้วยรูปแบบการเรียนรู้สภาพจริงในห้องคลอดและทัศนคติต่อการพยาบาลในห้องคลอดของนักศึกษาพยาบาล/^cวีรวรรณ ภาษาประเทศ และ พรรณี ฉุ้นประดับ
260    สงขลา :^bวิทยาลัยพยาบาลบรมราชชนนี สงขลา,^c2554
300    78 หน้า :^bตาราง
500    รายงานการวิจัย
650  7 การเรียนรู้สภาพจริง^xวิจัย
650  7 ห้องคลอด^xวิจัย
650  7 ทัศนคติ^xวิจัย
700 02 พรรณี ฉุ้นประดับ
710 1  วิทยาลัยพยาบาลบรมราชชนนี สงขลา
945    ^p0^l0^i030919
995    ทศพร
999 ^a ทศพร
รายการนี้ยังไม่มีแท็ก
คุณยังไม่ได้ล็อกอิน คุณสามารถมีกิจกรรมร่วมกับเว็บไซต์ได้ แต่ต้องล็อกอินก่อน ::
  ล็อกอิน

รายการสื่อสารสนเทศ

ลำดับที่ ประเภท เลขเรียก/บาร์โค้ด สถานที่ สถานะ
1. งานวิจัย
งานวิจัย
วจ.WY18.8 ว835ค ฉ.1 
  Barcode: 030919
ห้องสมุดวิทยาเขตสวรรค์ประชารักษ์
►วิจัย
บนชั้น

รายการใกล้เคียง
    ผู้แต่ง [วีรวรรณ ภาษาประเทศ]

BibComment


ยังไม่เคยถูกคอมเมนท์

คอมเมนท์ทรัพยากรรายการนี้
  คอมเมนท์: ความคิดเห็นต่อการ..


 Copyright 2026. Bcnsprnw @Library